Winners of The Masked Singer - Statistics

General Stats
  • This quiz has been taken 48 times
    28 since last reset
  • The average score is 11 of 13
Answer Stats
Season Costume Celebrity % Correct
1 Monster T-Pain
96%
4 Sun LeAnn Rimes
91%
10 Cow Ne-Yo
87%
5 Piglet Nick Lachey
87%
11 Goldfish Vanessa Hudgens
87%
2 Fox Wayne Brady
87%
9 Medusa Bishop Briggs
83%
12 Buffalos Boyz II Men
83%
6 Queen of Hearts Jewel
83%
8 Harp Amber Riley
78%
13 Pearl Gretchen Wilson
78%
3 Night Angel Kandi Burruss
78%
7 Firefly Teyana Taylor
78%
No matching quizzes found
Score Distribution
Percent of People with Each Score
Percentile by Number Answered
Your Score History
You have not taken this quiz since the last reset